00446 2200169 4500001002100000005001500021008004100036035001900077041000700096082000800103090001400111100001800125245003200143260004000175300003300215650002800248INLIS00000000000321820241224112700241224||||||||| | ||| |||| || |  0010-1224003218 aid0 a927 a927 IWA p0 aIwan Setiawan00aPerjalan Musik Legendaris 1 aSurakartabWidya Duta Grafikac2007 avi, 118 hlm. : ilus. ; 21 cm 0aIlmu Sejarah & Biografi